| 000 | 00653nam a22001817a 4500 | ||
|---|---|---|---|
| 999 |
_c187318 _d187318 |
||
| 005 | 20220412130020.0 | ||
| 010 | _aENG-132276 | ||
| 020 |
_a9788195423002 _c300 |
||
| 035 | _aEN-115808 | ||
| 037 | _bDBAD/PUB | ||
| 082 |
_a181.46 _2First Edition |
||
| 100 | _aVivekananda, Swami | ||
| 245 |
_aBe One With God: _bA Guiding Light to Mankind/ |
||
| 260 |
_aBengaluru _bIndia For You Publications _c2020 |
||
| 270 |
_aNo. 13/1 , Reservoir street , Basavanagudi _bBengaluru _e560004 _k080-41425962 , 9611100374 _mnaveena.ck@karthavya.co.in |
||
| 300 |
_axii, 402p. _bReferences _c21.5cm(pbk) |
||
| 942 |
_2ddc _cEN _mVIV _h181.46 _eFirst Edition |
||